| 000 | 01461nam a2200325 c 4500 | ||
|---|---|---|---|
| 003 | BLK | ||
| 005 | 20180422112910.0 | ||
| 008 | 180410b bul|||||r ||||||| ||bul|| | ||
| 010 | _aKNG00155357000 | ||
| 040 | _aBLK | ||
| 041 |
_aBUL _cBUL |
||
| 080 |
_aРазмножаване. Растеж и развитие. Физиология на възрастта и пола _b612.6 _x _z612.6 |
||
| 100 | 1 |
_aСтръменьова, Иржина _eпърви автор _9126570 |
|
| 700 | 1 |
_aРайнов, Васил Господинов _eпрев. от словаш. _9365686 |
|
| 139 |
_aСтръменьова, Иржина _bС 87 |
||
| 245 | 1 | 0 |
_aЩъркел ли ме е донесъл? _bНауч-попул. четиво _cИржина Стръменьова; прев. от словаш. Васил Господинов Райнов. |
| 257 | _aCSK | ||
| 260 |
_аСофия _bОтечество _c1980 |
||
| 300 |
_a64 с. _bс ил. _c19Х22 см |
||
| 380 | _aDN | ||
| 500 | _aОриг. загл. Doniesol ma bocian? - 50 115 тир. | ||
| 650 | 4 |
_aРазмножаване - у човека и животните _9330328 |
|
| 653 | _aразмножаване | ||
| 653 | _aлитература за деца | ||
| 852 | _aЦб 267098 | ||
| 856 | 4 |
_qpdf _u |
|
| 856 | 4 |
_qpdf _u |
|
| 942 |
_cKNG _n0 _01 |
||
| 944 |
_aCR _c07.01.2014 _l07.01.2014 - от С1,Р / 07.01.2014 _kДаниел_Канатов |
||
| 944 |
_aED _c26.09.2017 _l07.01.2014 - от С1,Р / 07.01.2014 _kКети_Илиева |
||
| 999 |
_c149114 _d149114 |
||